000 00326nam a2200145Ia 4500
005 20260328104332.0
008 260328s9999||||xx |||||||||||||| ||und||
100 _aAzuela, Alicia
245 0 _aHechizo de Axaca /
_cAlicia Azuela
250 _a1a ed.
260 _bMarco
300 _a425 p.
650 _aARTE
942 _cBK
999 _c11735
_d11735